000 00434nam a22001697a 4500
005 20160523094424.0
008 160523b xxu||||| |||| 00| 0 eng d
020 _a978-0-07-060160-4
041 _aeng
082 _b4048
100 _aThomas Christopher R. Maurice S Charles
_91001
245 _aManagerial Economics
260 _aNew Delhi
_bAcademic Faundation
_c2009
300 _a737
650 _aManagement
_9241
942 _cBK
999 _c1364
_d1364